00398nam a22001337a 450000500170000002000260001703700190004308200080006210000140007024500590008426000440014327000570018730000200024420231227152125.0 a9788194739890c600.00 aSunnvik Books  a020 aN.C Anie  aInformation Behavior in the Digital Age/cBy Anie N.C  aNew Delhi bEss Ess Publications c2022 a4831/24, Ansari Road, Daryaganj bNew Delhi e110002 a134p.c22cm(Hb)